| 000 | 00883nam a22002775i 4500 | ||
|---|---|---|---|
| 001 | 54695 | ||
| 003 | ES-MaACL | ||
| 005 | 20230906163013.0 | ||
| 007 | t| | ||
| 008 | 040112s1993 sp ||||0| spa d | ||
| 020 | _a84-450-7121-1 | ||
| 040 |
_aM-BN _bspa _cM-BN |
||
| 080 | _a929 Tolkien, J.R.R | ||
| 080 | _a820-6"19" | ||
| 100 | 1 |
_aTolkien, J. R. R. _9110463 |
|
| 245 | 1 | 0 |
_aCartas de J.R.R. Tolkien / _cselección de Humphrey Carpenter ; con la colaboración de Christopher Tolkien ; [traducción de Rubén Masera]. |
| 250 | _a1ª ed. | ||
| 260 |
_aBarcelona : _bMinotauro, _c1993. |
||
| 300 |
_a538 p ; _c24 cm. |
||
| 600 | 1 | 4 |
_aTolkien, J. R. R.- _vCorrespondencia. _9110465 |
| 700 | 1 |
_aCarpenter, Humphrey. _935436 |
|
| 700 | 1 |
_aTolkien, Christopher. _9110462 |
|
| 700 | 1 |
_aMasera, Rubén. _978704 |
|
| 852 |
_aES-MaACL _jL-26788 _bR.132377 |
||
| 999 |
_c54695 _d54695 |
||